| 000 | 00000nam 2200000za 4500 |
| 001 | 9.846667 |
| 003 | CaOODSP |
| 005 | 20221107153247 |
| 007 | cr ||||||||||| |
| 008 | 171106s1987 onc |o f|0| 0 fre d |
| 040 | |aCaOODSP|bfre |
| 043 | |an-cn--- |
| 086 | 1 |aCS11-0019/2F-PDF |
| 100 | 1 |aPicot, W. G. |
| 245 | 10|aChômage et formation |h[ressource électronique] / |cpar Garnett Picot. |
| 260 | |a[Ottawa] : |bStatistique Canada, |c1987. |
| 300 | |a38 p. |
| 490 | 0 |aDocuments de recherche ; |vno. 2 |
| 500 | |aPubl. aussi en anglais sous le titre : Unemployment and training. |
| 500 | |aÉdition numérisée de l'imprimé [par Statistique Canada]. |
| 504 | |aComprend des références bibliographiques. |
| 520 | |a« La formation est souvent considérée comme l'un des principaux moyens de favoriser l'adaptation des chômeurs au marché du travail. Toutefois, si la formation doit s'avérer efficace pour certains groupes cibles de chômeur, il est nécessaire de savoir dans quelle mesure ces groupes ont effectivement recours à la formation. Le présent document vise à répondre à cette question. »--Résumé. |
| 692 | 07|2gccst|aChômage |
| 692 | 07|2gccst|aFormation |
| 692 | 07|2gccst|aTravail |
| 710 | 2 |aStatistique Canada. |bDirection des études analytiques. |
| 775 | 08|tUnemployment and training |w(CaOODSP)9.846664 |
| 830 | #0|aDocuments de recherche (Statistique Canada. Direction des études analytiques)|vno 2|w(CaOODSP)9.500842 |
| 856 | 40|qPDF|s3.96 Mo|uhttps://publications.gc.ca/collections/collection_2017/statcan/11f0019m/CS11-0019-2-fra.pdf |